Γεννημένο από την φωτιά Born on fire
Παρουσιάζει την εξερεύνηση των επιστημόνων για τον τρόπο με τον οποίο τεράστιες πλάκες φλοιού συγκρούονται, χωρίζουν, αλληλοκαλύπτονται προκαλώντας τρομακτικούς σεισμούς και ηφαιστειακές εκρήξεις....
Αποθηκεύτηκε σε:
| Συγγραφή απο Οργανισμό/Αρχή: | |
|---|---|
| Άλλοι συγγραφείς: | |
| Μορφή: | |
| Γλώσσα: | English Greek |
| Δημοσίευση: |
[Washington D.C.] : Αθήνα :
National Geographic Society,
1983.
|
| Σειρά: | National Geographic Video
|
| Θέματα: | |
| Ετικέτες: |
Προσθήκη ετικέτας
Δεν υπάρχουν, Καταχωρήστε ετικέτα πρώτοι!
|
MARC
| LEADER | 00000cgm a2200000 i 4500 | ||
|---|---|---|---|
| 001 | 1/67008 | ||
| 008 | 041126s1983####us ||| | || ||eng|| | ||
| 035 | |l 10075502 | ||
| 040 | |a GR-MY-UA |b gre |e aacr | ||
| 041 | 0 | |a eng |j gre | |
| 082 | 0 | |a 910.9 |2 (22) | |
| 245 | 1 | 0 | |a Γεννημένο από την φωτιά |h [μαγνητοσκόπηση] = |b Born on fire / |c πραραγωγή : Linda Reavely ; National Geographic Society. |
| 246 | 1 | |i Παράλληλος τίτλος: |a Born on fire | |
| 260 | |a [Washington D.C.] : |a Αθήνα : |b National Geographic Society, |c 1983. | ||
| 300 | |a 1 βιντεοκασέτα (60 λεπτ.) : |b ομιλ., έγχρ. ; |c 1/2 ίν. | ||
| 490 | 1 | |a National Geographic Video | |
| 508 | |a Παραγωγή του National Geographic Special από την National Geographic Society και WQED/Pittsburg; Δυνατότης παραγωγής από την CHEVRON; Εκτέλεση παραγωγής Dennis B. Kane, Thomas Skinner; | ||
| 511 | 0 | |a Αφηγητής: E.D. Marshall. | |
| 520 | |a Παρουσιάζει την εξερεύνηση των επιστημόνων για τον τρόπο με τον οποίο τεράστιες πλάκες φλοιού συγκρούονται, χωρίζουν, αλληλοκαλύπτονται προκαλώντας τρομακτικούς σεισμούς και ηφαιστειακές εκρήξεις. | ||
| 538 | |a VHS format. | ||
| 650 | 0 | 0 | |a Discoveries in geography. |
| 650 | 0 | 0 | |a Plate tectonics. |
| 650 | 0 | 0 | |a Volcanism. |
| 650 | 0 | 0 | |a Volcanoes. |
| 650 | 0 | 0 | |a Earthquakes. |
| 700 | 0 | |a Reavely, Linda. |4 pro | |
| 710 | 2 | |a National Geographic Society (U.S.) | |
| 830 | 0 | |a National Geographic Video | |
| 852 | |a INST |b LESVOS |c AV |e 20041126 |h 910.9 ΓΕΝ |p 005100028071 |q 005100028071 |t VC |y 23 | ||
| 852 | |a INST |b LESVOS |c AV |e 20041126 |h 910.9 ΓΕΝ |p 005100028072 |q 005100028072 |t VC |y 23 | ||
| 852 | |a INST |b RHODES |c AV |e 20050210 |h 910.9 ΓΕΝ |p 005400017864 |q 005400017864 |t VC |y 23 | ||
| 901 | |a BIBL1-2004-3 | ||
| 901 | |a BIBL4-2005-1 | ||
| 909 | |a Λ |b 115456 | ||
| 909 | |a Λ |b 115457 | ||
| 909 | |a Ρ |b 042846 | ||
| 922 | |a 1ΕΛΗ |b 199303 |c ΤΑΚ/ΚΥΒ | ||
| 922 | |a 4ΕΛΗ |b 199604 |c ΒΙΒΛΙΟΘΗΚΗ | ||
| 970 | |a ΜΑΡΙΝΑΤΟΥ |b ΜΥΡΣΙΝΗ |z 2004/11/26 | ||